UBT Library

Drug interactions in anesthesia / (Record no. 41239)

000 -LEADER
fixed length control field 00637cam a2200229 i 4500
001 - CONTROL NUMBER
control field 1354484
005 - DATE AND TIME OF LATEST TRANSACTION
control field 20180130035720.0
008 - FIXED-LENGTH DATA ELEMENTS--GENERAL INFORMATION
fixed length control field 800527s1981 paua b 001 0 eng
010 ## - LIBRARY OF CONGRESS CONTROL NUMBER
LC control number 80017454
020 ## - INTERNATIONAL STANDARD BOOK NUMBER
International Standard Book Number 0812106830
040 ## - CATALOGING SOURCE
Original cataloging agency DLC
Transcribing agency DLC
Modifying agency DLC
041 ## - LANGUAGE CODE
Language code of text/sound track or separate title eng
060 ## - NATIONAL LIBRARY OF MEDICINE CALL NUMBER
Classification number QV38 S655d
080 ## - UNIVERSAL DECIMAL CLASSIFICATION NUMBER
Universal Decimal Classification number 615.781
082 00 - DEWEY DECIMAL CLASSIFICATION NUMBER
Classification number 615.781 SMI
100 ## - Rafti
Rafti 6
101 ## - Shkurtesa
Shkurtesa ANE
245 00 - TITLE STATEMENT
Title Drug interactions in anesthesia /
Statement of responsibility, etc [edited by] N. Ty Smith, Ronald D. Miller, Aldo N. Corbascio.
504 ## - BIBLIOGRAPHY, ETC. NOTE
Bibliography, etc Includes bibliographical references and index.
906 ## - LOCAL DATA ELEMENT F, LDF (RLIN)
a 7
b cbc
c orignew
d 1
e ocip
f 19
g y-gencatlg
942 ## - ADDED ENTRY ELEMENTS (KOHA)
Source of classification or shelving scheme
Item type Books
Holdings
Withdrawn status Lost status Source of classification or shelving scheme Damaged status Not for loan Collection code Permanent location Current location Shelving location Date acquired Total Checkouts Full call number Barcode Date last seen Price effective from Koha item type
          Koleksioni i përgjithshem UBT - Lipjan UBT - Lipjan Koleksioni i përgjithshem 01/30/2018   615.781 SMI 002-2996723 01/30/2018 01/30/2018 Books
UBT Library © 2015-2024. All rights reserved University Education for Business and Technology